000 00463nam a2200181Ia 4500
001 8146
005 20260306160547.0
008 260306t2002||||xx |||||||||||||| ||spa||
041 _aESP
082 _a370.114
_bM26
100 _aMartinelli, Marilu
_eAUT
245 0 _aAulas de transformación:
_bprograma de educación en valores humanos
260 _c2002
300 _a208 páginas :
_c20 cm.
650 _aGEN
654 _aCED
942 _cLIB
_dJUS
_fJUS
_2ddc
_n
999 _c8146
_d8146